MARC

LEADER 00000nam a2200000Ia 4500
001 23585
008 160829s1921 xx 000 0 cat d
080 |a RF-16-87 
100 |a Catalunya. Comissió de Repoblació Forestal  |9 27615 
245 |a Treballs de repoblació / Comissió de Repoblació Forestal de la Mancomunitat de Catalunya 
260 |a Barcelona :  |b (Imp. de la Casa Caritat),  |c 1921 
300 |a 8 p. ;  |c 22 cm 
590 |a Hi ha un duplicat: DUP-73-56 
650 |a Repoblació forestal  |x Catalunya  |9 29691 
710 2 |a Catalunya.  |b Mancomunitat  |9 53015 
856 4 |u https://media.diba.cat/diba/fitxers/arxiu/fulletons/bib_23585_baixa.pdf  |y Accés lliure 
856 4 |u https://media.diba.cat/diba/fitxers/arxiu/fulletons/bib_23585_baixa.pdf  |y Accés lliure 
901 |a Arxiu 
942 |n 1  |2 udc 
952 |0 0  |1 0  |4 0  |6 RF1687  |7 1  |9 54219  |a Arxiu  |b Arxiu  |d 2012-08-13  |l 0  |o RF-16-87  |p 23585  |r 2016-12-01 00:00:00  |w 2016-12-01  |y ARXIU 
999 |c 58088  |d 58088 
900 |a bib_23585_baixa.pdf